LDR 01209naa#a2200205#i#450# 001 RU\FGKOU VO SPBU MVD ROSSII\bibl\116659 005 20260701055416.3 011 ## _a2071-8284 100 ## _a20260630b2026####ek#y0rusy0150####ca 101 0# _aRUS 102 ## _aRU 200 1# _aПроектирование интегративного воспитательного события в ведомственной образовательной организации высшего образования на основании гуманитарно-антропологического подхода _eЖурнальная статья 210 1# _aСанкт-Петербург _cСАНКТ-ПЕТЕРБУРГСКИЙ УНИВЕРСИТЕТ МИНИСТЕРСТВА ВНУТРЕННИХ ДЕЛ РОССИЙСКОЙ ФЕДЕРАЦИИ _d2026 215 ## _a10 с. 608 ## _aЖурнальная статья _2local 675 ## _aВнеучебная жизнь студентов. 378.18 _zRUS 700 #1 _aТимофеева _gАнна Анатольевна 700 #1 _aУдальцов _gАндрей Александрович 700 #1 _aПарнюк _gНаталия Витальевна 856 4# _avestnikspbmvd.ru _u